Ujabb adatok rómaikori lovasisten ábrázolásaink problémájához

Elmentve itt :
Bibliográfiai részletek
Szerző: Dr. Buday Árpád
Dokumentumtípus: Cikk
Megjelent: 1930
Sorozat:Dolgozatok a Magyar Királyi Ferencz József Tudományegyetem Archaeologiai Intézetéből 6
Kulcsszavak:lovasisten, síremlék, egylovas
Online Access:http://acta.bibl.u-szeged.hu/126
LEADER 00679nab a2200169 i 4500
001 acta126
005 20210616154623.0
008 161015s1930 hu o 0|| hun d
040 |a SZTE Egyetemi Kiadványok Repozitórium  |b hun 
041 |a hun 
100 2 |a Dr. Buday Árpád 
245 1 0 |a Ujabb adatok rómaikori lovasisten ábrázolásaink problémájához  |h [elektronikus dokumentum] /  |c  Dr. Buday Árpád 
260 |c 1930 
300 |a 1-25 
490 0 |a Dolgozatok a Magyar Királyi Ferencz József Tudományegyetem Archaeologiai Intézetéből  |v 6 
695 |a lovasisten, síremlék, egylovas 
856 4 0 |u http://acta.bibl.u-szeged.hu/126/1/dolgozatok_1930_001-025.pdf  |z Dokumentum-elérés